| 000 | 00749nas a2200253Ia 4500 | ||
|---|---|---|---|
| 001 | R109/83123 | ||
| 003 | IT-RoPAU | ||
| 008 | 151124c99999999xx |||||||||||| ||und|| | ||
| 040 | _aIT-RoPAU | ||
| 040 | _cIT-RoPAU | ||
| 041 | _aFRANCESE | ||
| 100 |
_aGoux Jean-Joseph _gCodice Aut. SPICS: 5905 |
||
| 210 | _aCOMMUNICATIONS | ||
| 222 | _aCommunications | ||
| 245 |
_aCOMMUNICATIONS, N.50 (1989) _bCash, Check Or Charge? |
||
| 250 | _a1a ed. | ||
| 260 |
_aPARIS _bSEUIL _c1989 |
||
| 501 |
_bPaulus - SPICS - Società San Paolo EM (non-commercial uses only) _cCopyright2015 |
||
| 300 | _a16 p. [7-22] | ||
| 362 | _aN.50 (1989) | ||
| 500 | _aContanti-Assegno-O-In-Conto | ||
| 650 |
_aCOMUNICAZIONE _vPUBBLICAZIONE PERIODICA |
||
| 942 | _cCR | ||
| 999 |
_c202693 _d202693 |
||